000 01602cam a22003857i 4500
001 19113259
005 20221103114525.0
008 160527t20162016njua j 000 0 eng
010 _a 2016943219
020 _a9781119291220
_q(paperback)
020 _a1119291224
_q(paperback)
020 _z9781119291282
_q(ebook)
020 _z9781119291299
_q(ebook)
035 _a(OCoLC)ocn954093116
040 _aAU@
_beng
_cAU@
082 0 4 _a620.1,MCC
100 1 _aMcCue, Camille,
_eauthor.
_9102298
245 1 0 _aGetting started with engineering /
_cCamille McCue, PhD.
264 1 _aHoboken, New Jersey :
_bJohn Wiley & Sons,
_c[2016]
264 4 _c©2016
300 _a122 pages :
_bcolor illustrations ;
_c22 cm.
336 _atext
_btxt
_2rdacontent
336 _astill image
_bsti
_2rdacontent
337 _aunmediated
_bn
_2rdamedia
338 _avolume
_bnc
_2rdacarrier
490 1 _aDummies junior
505 0 _aProject 1. Engineering 101 (Page-5), Project 2. Touchdown Mars (Page-13), Project 3. The clock is ticking (Page-27), Project 4. Squeaky clean up (Page-42), Project 5. Load the bridge (Page-55), Project 6. Electric alien cap (Page-73), Project 7. Now you're cooking (Page-88),
650 0 _aEngineering
_xExperiments
_vJuvenile literature.
_9102299
650 0 _aScience projects
_vJuvenile literature.
_9102300
650 7 _aEngineering
_xExperiments.
_2fast
_0(OCoLC)fst00910357
_940586
650 7 _aScience projects.
_2fast
_0(OCoLC)fst01108755
_9102301
655 7 _aJuvenile works.
_2fast
_0(OCoLC)fst01411637
_994697
830 0 _aDummies junior.
_9102302
942 _2ddc
_cBK
999 _c592242
_d592242